000 00474nam a22001697a 4500
003 NUST - PNEC
005 20170116181010.0
008 150913b xxu||||| |||| 00| 0 eng d
020 _a0070066906
040 _cLIBRARY
082 _a621.3743 TOD
100 _910128
_aTodd, Carl David
245 _aThe potentiometer handbook : Users' guide to cost-effective applications
_cCarl David Todd
260 _cc.1975
650 _910132
_aPotentiometer
_xEE
942 _2ddc
_cBK
999 _c67062
_d67062